Action research as a new research paradigm in the social sciences/
El documento presenta una discusión acerca del nuevo paradigma de investigación en las Ciencias Sociales, la investigación empírica, ya que se dan discusiones acerca de como este tipo de investigación genera escepticismo en las personas, debido a que se considera que los resultados de la misma no so...
Na minha lista:
| Autor principal: | |
|---|---|
| Formato: | Texto |
| Idioma: | Spanish |
| Publicado em: |
Cartagena:
A.I.S.
|
| Assuntos: | |
| Tags: |
Adicionar Tag
Sem tags, seja o primeiro a adicionar uma tag!
|
MARC
| LEADER | 00000 a a2200000 04500 | ||
|---|---|---|---|
| 001 | 16696 | ||
| 003 | cru IIS | ||
| 005 | 20220726113348.0 | ||
| 008 | 220706b |||||||| |||| 00| 0 spa d | ||
| 040 | |c cru IIS | ||
| 090 | |a 05.01.01 M899a | ||
| 100 | |a Moser, Heinz | ||
| 245 | |a Action research as a new research paradigm in the social sciences/ |c Heinz Moser | ||
| 260 | |a Cartagena: |b A.I.S. | ||
| 300 | |a 22 p. | ||
| 520 | |a El documento presenta una discusión acerca del nuevo paradigma de investigación en las Ciencias Sociales, la investigación empírica, ya que se dan discusiones acerca de como este tipo de investigación genera escepticismo en las personas, debido a que se considera que los resultados de la misma no son satisfactorios y su metodología no es aceptada. | ||
| 650 | 4 | |9 1930 |a INVESTIGACION | |
| 650 | 0 | |9 75 |a CIENCIAS SOCIALES | |
| 942 | |2 ddc |c LI | ||
| 999 | |c 8594 |d 8594 | ||
